000 00498nam a22001697a 4500
005 20240816095652.0
008 240816b |||||||| |||| 00| 0 eng d
020 _a978145755726
041 _aEnglish
082 _a349 LAW
100 _lEnglish
245 _aThe All England Law Reports: Annual Review 2010
260 _aLondon:
_bButterworth and Company Ltd,
_c2011
300 _bxliv, 535 pages;
_c25 cm.
650 _aLegal practice
_bLaw
942 _cBK
_6ALISON_BN_VRIES
999 _c2624
_d2624